Culture Générale en 10 courtes vidéos #4 - Statistiques

Statistiques générales
  • Ce quiz a été pris 96 fois
  • Le résultat moyen est 4 sur 10
Statistiques - réponses
Vidéo Question Réponse % Correct
Voici l'extrait d'une pub diffusée dans les années 2000 pour le Loto. Complète la réplique qui est passé dans le langage courant : "On tombe dessus c'est le jeu ma pauvre _______ " Lucette
83%
Quel est le nom (en 4 mots anglais) donné au discours prononcé le 28 août 1963 par le pasteur baptiste et militant américain Martin Luther King, devant le Lincoln Memorial, à Washington, D.C ? I have a dream
82%
Dans cet extrait de l'émission TV Fort Boyard, quel est le nom du personnage qui est giflé par Patrice Laffont ? Passe-Partout (André Bouchet)
80%
Trouve en 3 lettres la règle spéciale des échecs qui est en illustration et qui signifie que lorsqu'un joueur n'a aucun coup à sa disposition à son tour de jeu, la partie est déclarée nulle. Pat
52%
A quel acteur Robert De Niro donne t-il la réplique dans cette scène du film Heat (1995) ? Al Pacino
40%
Cet extrait montre le secteur pavé réputé le plus difficile de la course cycliste Paris-Roubaix : c'est la trouée d'_______ Arenberg
26%
Quel est le nom de scène de cette artiste qui a représenté la France à l'Eurovision en 2023 (qui dans cet extrait fait un doigt d'honneur lors des résultats des télévotes) ? La Zarra
26%
Comment s'appelle la navette spatiale américaine qui s'est désintégré 73 secondes après son décollage le 28 janvier 1986 causant la mort des sept astronautes de l'équipage ? Challenger
21%
Complète la phrase que prononce plusieurs fois Indiana Jones (et son père) dans cet extrait du film "Indiana Jones et la Dernière Croisade" (1989) : Seul le ________ pourra le passer. Pénitent
13%
Quel est le nom du sport pratiqué dans la vidéo ? (aussi appelé unihockey en Suisse) Floorball
6%
Aucun quiz correspondant
Distribution des résultats
% des personnes avec chaque résultat
Percentile par nombre de réponses
Votre historique - résultats
Vous n’avez pas pris ce quiz